Ιστορία της αρχαίας ελληνικής λογοτεχνίας
Αποθηκεύτηκε σε:
| Κύριος συγγραφέας: | |
|---|---|
| Άλλοι συγγραφείς: | |
| Μορφή: | Βιβλίο |
| Γλώσσα: | Greek |
| Δημοσίευση: |
Αθήναι :
Δημ. Ν. Παπαδήμα,
1974
|
| Έκδοση: | 3η έκδ., βελτ. |
| Θέματα: | |
| Ετικέτες: |
Προσθήκη ετικέτας
Δεν υπάρχουν, Καταχωρήστε ετικέτα πρώτοι!
|
MARC
| LEADER | 00000cam a2200000 i 4500 | ||
|---|---|---|---|
| 001 | 1/70296 | ||
| 008 | 931111s1974 gr | ||| |||| ||gre|| | ||
| 035 | |a 1989 |b 2 |c Δωρεά |l 10030604 | ||
| 035 | |a ΛΕΣΒΟΣb10001967 | ||
| 040 | |a GR-MY-UA |b gre |e aacr | ||
| 041 | 0 | |a gre | |
| 082 | 0 | |a 880.09 | |
| 100 | 1 | |a Murray, Gilbert, |d 1866-1957. | |
| 245 | 1 | 0 | |a Ιστορία της αρχαίας ελληνικής λογοτεχνίας / |c Gilbert Murray ; μεταφρασθείσα και πλουτισθείσα δια βιβλιογραφίας, προσθηκών και σημειώσεων υπο Σίμου Μενάνδρου. |
| 250 | |a 3η έκδ., βελτ. | ||
| 260 | |a Αθήναι : |b Δημ. Ν. Παπαδήμα, |c 1974 | ||
| 300 | |a 419 σ. | ||
| 650 | 0 | |a Greek literature |x History and criticism. | |
| 700 | 1 | |a Μενάρδος, Σίμος, |d 1872-1933. |4 trl | |
| 852 | |a INST |b LESVOS |e 19931111 |h 880.09 MUR |p 005100005111 |q 005100005111 |t BK |y 0 | ||
| 852 | |a INST |b RHODES |e 19960229 |h 880.09 MUR |p 005400002957 |q 005400002957 |t BK |y 0 | ||